000 00562nam a2200181 a 4500
003 OSt
005 20151111155004.0
008 020226s1968 esp 000 0bspa d
040 _cBMC
082 _a923
100 1 _aPrezzolini, Giuseppe
_937165
_d1882-1982‏
245 1 0 _aMaquiavelo
_cGiuseppe Prezzolini ; traducción de, O. L. M.S.
260 _aBarcelona [etc.]
_bPomaire
_cD.L. 1968
300 _a364 p.
_c20 cm
595 _aTraducción de: Machiavelli
600 1 4 _aMaquiavelo, Nicolás
_vPensamiento político.
_916882
_d1469-1527‏
942 _2ddc
_cBK
999 _c23421
_d23421